| 000 | 01169nam a22002654a 4500 | ||
|---|---|---|---|
| 001 | UTEA | ||
| 005 | 20251010151336.0 | ||
| 006 | g||||gr||||||01 nz | ||
| 007 | ta | ||
| 008 | 251007b es ||||| |||| 00| 0 spa d | ||
| 020 | _a9788413570341 | ||
| 040 | _aUTEA | ||
| 041 | _aspa | ||
| 082 |
_a660.281 _bG95 2020 |
||
| 100 |
_aGutierrez Martín Fernando _eautor |
||
| 245 |
_aIngeniería de procesos y productos / _cFernando Gutiérrez _h[Texto Impreso] |
||
| 250 | _a1ra edición | ||
| 260 |
_aEspaña; _bEditorial Sintesis,S.A; _c20220 |
||
| 300 |
_a291 páginas; _bfiguras, tablas; _c18 x 24 cm. |
||
| 505 | _aIntroducción a los procesos químicos -- Síntesis y selección de procesos químicos -- Casos de estudio, síntesis y selección de procesos -- Análisis y optimización de sistemas de proceso -- Casos de estudio reactores y operaciones físicas -- Casos de estudio. Desarrollo de procesos químicos -- Ingeniera de productos -- Casos de estudio ingeniería de productos. | ||
| 650 |
_aPROCESOS QUÍMICOS _959669 |
||
| 650 |
_aOPTIMIZACIÓN _959670 |
||
| 650 |
_aANÁLISIS _9911 |
||
| 942 |
_2ddc _cBK _e2025-10-07 _zCirila Celinda Molina Chirinos |
||
| 999 |
_c17433 _d17433 |
||